000 01263cad a22002535a 4500
001 L146508
008 090127e20090127xxk f f000 0 eng d
020 _a9781409810766
035 _a(Sirsi) u146508
041 0 _aeng
050 0 4 _a711.1 $2 18
110 2 _aUnited Kingdom
_bDepartment for Communities and Local Government
_94939
245 0 0 _aPlanning Act 2008
_bconsultation on list of statutory consultees for national policy statements
_h[electronic resource]
260 _aLondon
_bDCLG
_c2009
505 2 _aGuide to the Planning Act 2008 -- Guide to how we are implementing the act -- Principles of the proposed regulations -- Consultation question
520 _aConsultation document seeks views on who should be statutory consultees prior to the designation of a document as a National Policy Statement (NPS) under the auspices of the Planning Act 2008.
520 _aResponses to this consultation must be received by 20 April 2009.
521 _aAdvanced
590 _aKA NTK
650 2 4 _aPLANNING ACT 2008
651 4 _aEngland and Wales
_y1543-
856 4 0 _uhttps://www.communities.gov.uk/publications/planningandbuilding/consultationstatutoryconsultees
_zView the item free of charge online at www.communities.gov.uk...
942 _n0
999 _c109205
_d109205